00755cam a2200241 450000100060000000300060000600500170001200800410002902000150007003500180008504000270010304100080013008200220013810000310016024500870019126000510027830000210032950400390035060000300038965000500041965000250046970000190049418988UkOxU20211209000352.0140223s1967 pau b 001 0 eng d a0838713378 aBD-RjUL)19046 aDLCcDLCbengdBD-RjUL aeng00a823.912bBEN 19671 aBegnal, Michael H.,d1939-10aNarrator and character in Finnegans wake /cby Michael H. Begnal and Grace Eckley. aLewisburg :bBucknell University Press,cc1967 a241 p. ;c22 cm. aIncludes bibliographies. and Index10aJoyce, James,d1882-1941. 0aCharacters and characteristics in literature. 0aNarration (Rhetoric)1 aEckley, Grace.